Missing Word: Where Movies Quiz Stats

 Plays Quiz Updated Jun 23, 2017

Support Sporcle.
Go Orange.
Score 0/18 Timer 03:00
0 Plays Today
Movie Title Answer % Correct
O _______, Where Art ThouBrother
93.4%
Where the Sidewalk ____Ends
83.2%
Where the Buffalo ____Roam
75.8%
Where the Boys ___Are
72.6%
Where the Money __Is
71%
Gold Is Where You ____ ItFind
67%
Where the Red ____ GrowsFern
66.4%
Car __, Where Are You?54
65.7%
Where ______ Fear to TreadAngels
63.6%
Movie Title Answer % Correct
Where the Truth ____Lies
56.2%
Where the _____ IsHeart
48.6%
Where ______ DareEagles
45.7%
The _____ Where Evil DwellsHouse
38.1%
Where Angels Go, _______ Follows Trouble
30.6%
Tell Me Where It _____Hurts
27.3%
Where ___ Left His ShoesGod
20.9%
Where Have All the ______ Gone?People
14.5%
Where Are the ________ Children
14.5%

Today's Daily Dose

You're not logged in!

Compare scores with friends on all Sporcle quizzes.
OR
Log In
Forgot?

From the Vault

American History (A-Z)

by maxkirk1

Think of this as a very small civics textbook.
Remove Ads.
Support Sporcle.
Get the best of Sporcle when you Go Orange. This ad-free experience offers more features, more stats, and more fun while also helping to support Sporcle. Thank you for becoming a member.

Show Comments

Extras

Top Quizzes Today


Score Distribution

Your Account Isn't Verified!

In order to create a playlist on Sporcle, you need to verify the email address you used during registration. Go to your Sporcle Settings to finish the process.

Report this User

Report this user for behavior that violates our Community Guidelines.

Details: